[Event "HUN-chT1 Maroczy 2324"]
[White "Zakarias, David"]
[Black "Rat, Dan Ovidiu"]
[Site "Hungary"]
[Round "9.6"]
[Result "1-0"]
[Date "2024.04.07"]
[WhiteElo "2302"]
[BlackElo "2216"]
[PlyCount "87"]
[EventDate "2023.10.08"]
[EventType "team-tourn"]
[EventRounds "11"]
[EventCountry "HUN"]
[SourceTitle "EXT 2025"]
[Source "ChessBase"]
[SourceDate "2024.10.14"]
[SourceVersion "1"]
[SourceVersionDate "2024.10.14"]
[SourceQuality "1"]
[WhiteTeam "Maroczy"]
[BlackTeam "Pitypalatty"]
[WhiteTeamCountry "HUN"]
[BlackTeamCountry "HUN"]

1. d4 d5 2. c4 e6 3. Nc3 Nf6 4. cxd5 exd5 5. Bg5 Be7 6. Qc2 c6 7. e3 Bg4 8. Nge2 Nbd7 9. f3 Be6 10. Nf4 Nf8 11. Bh4 Qd7 12. Nxe6 Nxe6 13. Bd3 g6 14. Bf2 Nh5 15. g4 Nhg7 16. 0-0-0 0-0-0 17. Kb1 Kb8 18. h4 h5 19. g5 Rhe8 20. Qd2 Bb4 21. a3 Bd6 22. Ne2 Nc7 23. e4 Bf8 24. Bc2 Rc8 25. Ng3 Red8 26. Be3 Nce6 27. Rhf1 c5 28. exd5 Nxd4 29. Bxd4 cxd4 30. Be4 Bc5 31. Ne2 Nf5 32. Qf4+ Qd6 33. Bxf5 gxf5 34. Qxd6+ Rxd6 35. Nf4 Rh8 36. Rfe1 Rd7 37. Re5 Bd6 38. Rxf5 Bxf4 39. Rxf4 Rxd5 40. Rdxd4 Rxd4 41. Rxd4 Kc7 42. Rf4 Rh7 43. Rf6 Kd7 44. Rh6 1-0

[Event "HUN-chT2 Barcza 2223"]
[White "Rat, Dan Ovidiu"]
[Black "Menyhart, Tibor"]
[Site "Hungary"]
[Round "6.3"]
[Result "1/2-1/2"]
[Date "2023.03.26"]
[WhiteElo "2234"]
[BlackElo "2023"]
[PlyCount "39"]
[EventDate "2022.11.20"]
[EventType "team-tourn"]
[EventRounds "7"]
[EventCountry "HUN"]
[SourceTitle "EXT 2025"]
[Source "ChessBase"]
[SourceDate "2024.10.14"]
[SourceVersion "1"]
[SourceVersionDate "2024.10.14"]
[SourceQuality "1"]
[WhiteTeam "Szirmabesenyo"]
[BlackTeam "Debrecen Sakkbaratok"]
[WhiteTeamCountry "HUN"]
[BlackTeamCountry "HUN"]

1. d4 d5 2. c4 dxc4 3. Nf3 Nf6 4. Nc3 a6 5. a4 Nc6 6. e3 Bg4 7. Bxc4 e6 8. h3 Bh5 9. Be2 Bb4 10. 0-0 0-0 11. Qb3 Qe7 12. Rd1 Na5 13. Qc2 Bg6 14. Bd3 c5 15. Bxg6 hxg6 16. Na2 cxd4 17. Nxb4 Qxb4 18. Bd2 Qb3 19. Nxd4 Qxc2 20. Nxc2 1/2-1/2

[Event "HUN-chT2 Barcza 2122"]
[White "Barva, Attila"]
[Black "Rat, Dan Ovidiu"]
[Site "Hungary"]
[Round "9.3"]
[Result "1-0"]
[Date "2022.04.10"]
[WhiteElo "2367"]
[BlackElo "2241"]
[PlyCount "35"]
[EventDate "2021.10.10"]
[EventType "team-tourn"]
[EventRounds "9"]
[EventCountry "HUN"]
[SourceTitle "EXT 2025"]
[Source "ChessBase"]
[SourceDate "2024.10.14"]
[SourceVersion "1"]
[SourceVersionDate "2024.10.14"]
[SourceQuality "1"]
[WhiteTeam "Edelenyi VSE"]
[BlackTeam "Szirmabesenyo"]
[WhiteTeamCountry "HUN"]
[BlackTeamCountry "HUN"]

1. d4 d5 2. c4 c6 3. cxd5 cxd5 4. Nc3 e6 5. Bf4 Bd6 6. Bg3 Nc6 7. Nf3 Bxg3 8. hxg3 f5 9. e3 Nge7 10. Bd3 0-0 11. g4 Nb4 12. Bb1 Bd7 13. gxf5 exf5 14. a3 Nbc6 15. Ba2 Bc8 16. Qb3 Na5 17. Qb5 a6 18. Nxd5 1-0

[Event "HUN-chT2 Barcza 1819"]
[White "Kiss, Gergely2"]
[Black "Rat, Dan Ovidiu"]
[Site "Hungary"]
[Round "8.2"]
[Result "1/2-1/2"]
[Date "2019.02.24"]
[WhiteElo "2038"]
[BlackElo "2256"]
[PlyCount "35"]
[EventDate "2018.09.23"]
[EventType "team-tourn"]
[EventRounds "11"]
[EventCountry "HUN"]
[SourceTitle "CBM 189 Extra"]
[Source "ChessBase"]
[SourceDate "2019.05.31"]
[SourceVersion "1"]
[SourceVersionDate "2019.05.31"]
[SourceQuality "1"]
[WhiteTeam "Tiszavasvar"]
[BlackTeam "Szirmabesenyo"]
[WhiteTeamCountry "HUN"]
[BlackTeamCountry "HUN"]

1. d4 Nf6 2. Bf4 c5 3. e3 g6 4. Nf3 Bg7 5. c3 b6 6. Nbd2 Bb7 7. Be2 d6 8. h3 0-0 9. Bh2 Nbd7 10. 0-0 a6 11. a4 Rc8 12. Qb1 cxd4 13. exd4 Nd5 14. Rd1 Bh6 15. Bf1 N7f6 16. Ne4 Qd7 17. Nxf6+ Nxf6 18. Nd2 1/2-1/2

[Event "HUN-chT2 Barcza 1819"]
[White "Rat, Dan Ovidiu"]
[Black "Pribelszky, Bence Daniel"]
[Site "Hungary"]
[Round "4.4"]
[Result "1-0"]
[Date "2018.11.18"]
[WhiteElo "2256"]
[BlackElo "2230"]
[PlyCount "97"]
[EventDate "2018.09.23"]
[EventType "team-tourn"]
[EventRounds "11"]
[EventCountry "HUN"]
[SourceTitle "CBM 189 Extra"]
[Source "ChessBase"]
[SourceDate "2019.05.31"]
[SourceVersion "1"]
[SourceVersionDate "2019.05.31"]
[SourceQuality "1"]
[WhiteTeam "Szirmabesenyo"]
[BlackTeam "Miskolc Kisbocsok"]
[WhiteTeamCountry "HUN"]
[BlackTeamCountry "HUN"]

1. c4 Nf6 2. g3 c5 3. Bg2 Nc6 4. Nc3 d6 5. a3 e5 6. e3 Be6 7. Nd5 Bxd5 8. cxd5 Ne7 9. e4 g6 10. Ne2 Bg7 11. 0-0 0-0 12. d3 Nd7 13. f4 f5 14. Qc2 b5 15. Rb1 Nb6 16. fxe5 Bxe5 17. Bh6 Rf7 18. Bh3 c4 19. d4 Bh8 20. exf5 Nxf5 21. Bxf5 gxf5 22. Rxf5 Rxf5 23. Qxf5 Qf6 24. Rf1 Qxf5 25. Rxf5 Na4 26. Bc1 a5 27. Kf1 Rf8 28. Rxf8+ Kxf8 29. Nc3 Bxd4 30. Nxa4 bxa4 31. Ke2 Kf7 32. Kf3 Kf6 33. Ke4 Be5 34. Be3 Bxb2 35. Bd4+ Bxd4 36. Kxd4 h5 37. Kxc4 Ke5 38. h3 Ke4 39. g4 h4 40. g5 Kf5 41. Kb5 Kxg5 42. Kc6 Kf4 43. Kxd6 Kg3 44. Kc5 Kxh3 45. d6 Kg2 46. d7 h3 47. d8Q h2 48. Qd5+ Kg1 49. Kb5 1-0

[Event "HUN-chT2 Maroczy 1516"]
[White "Medvegy, Nora"]
[Black "Rat, Dan Ovidiu"]
[Site "Hungary"]
[Round "6.4"]
[Result "1-0"]
[Date "2016.02.28"]
[WhiteElo "2353"]
[BlackElo "2308"]
[PlyCount "83"]
[EventDate "2015.10.18"]
[EventType "team-tourn"]
[EventRounds "9"]
[EventCountry "HUN"]
[SourceTitle "EXT 2017"]
[Source "ChessBase"]
[SourceDate "2016.10.25"]
[SourceVersion "1"]
[SourceVersionDate "2016.10.25"]
[SourceQuality "1"]
[WhiteTeam "DVTK EMSE"]
[BlackTeam "Kisujszallas"]
[WhiteTeamCountry "HUN"]
[BlackTeamCountry "HUN"]

1. e4 d6 2. d4 Nf6 3. Nc3 e5 4. Nf3 Nbd7 5. Bc4 Be7 6. 0-0 0-0 7. a4 c6 8. h3 a5 9. Re1 exd4 10. Qxd4 Nc5 11. Bf4 Ne6 12. Bxe6 fxe6 13. e5 Nd5 14. exd6 Bxd6 15. Bxd6 Qxd6 16. Ne4 Qe7 17. Ne5 Qh4 18. Rad1 Qh5 19. Ng3 Qg5 20. Re4 Nf4 21. Qe3 Qf6 22. Ng4 Qf7 23. Ne5 Qf6 24. c4 h6 25. b3 Kh7 26. Rd2 Kg8 27. Kh2 Kh7 28. Ng4 Qf7 29. Ne5 Qf6 30. Ne2 Ng6 31. Nxg6 Qxg6 32. Rg4 Qe8 33. Qe4+ Kg8 34. Qe5 Qe7 35. Ng3 Rf7 36. Nh5 Qc7 37. Rd6 b6 38. f4 Ra7 39. Nxg7 Rxg7 40. Rxg7+ Qxg7 41. Rd8+ Kf7 42. Qh5+ 1-0

[Event "HUN-chT2 Maroczy 1314"]
[White "Virag, Attila Aba"]
[Black "Rat, Dan Ovidiu"]
[Site "Hungary"]
[Round "8"]
[Result "1-0"]
[Date "2014.03.02"]
[WhiteElo "2270"]
[BlackElo "2292"]
[PlyCount "145"]
[EventDate "2013.09.08"]
[EventType "team-tourn"]
[EventRounds "11"]
[EventCountry "HUN"]
[SourceTitle "EXT 2016"]
[Source "ChessBase"]
[SourceDate "2015.10.08"]
[SourceVersion "1"]
[SourceVersionDate "2015.10.08"]
[SourceQuality "1"]
[WhiteTeam "Lila Futo"]
[BlackTeam "Kisujszallas"]
[WhiteTeamCountry "HUN"]
[BlackTeamCountry "HUN"]

1. e4 d6 2. d4 Nf6 3. Nc3 e5 4. Nge2 Be7 5. f3 Nbd7 6. Be3 Nh5 7. Qd2 h6 8. 0-0-0 Bg5 9. g4 Bxe3 10. Qxe3 Nhf6 11. Kb1 Qe7 12. Nb5 Nb8 13. Qc3 Na6 14. Ng3 0-0 15. h4 Nh7 16. Na3 exd4 17. Qxd4 Nc5 18. Nc4 Qf6 19. Be2 Qxd4 20. Rxd4 Ne6 21. Rd2 Nf4 22. Ne3 g6 23. Bd1 Kg7 24. c4 Be6 25. Ba4 Rac8 26. Rc1 Kf6 27. Rc3 Ke7 28. Rb3 Rb8 29. Nd5+ Nxd5 30. exd5 Bd7 31. Re3+ Kd8 32. Bc2 Re8 33. Rde2 Rxe3 34. Rxe3 b5 35. h5 Be8 36. hxg6 fxg6 37. Rxe8+ Kxe8 38. Bxg6+ Ke7 39. Bxh7 bxc4 40. Kc2 Kf6 41. Kc3 Ke5 42. Be4 Kf4 43. Nf5 Kg5 44. Ne3 Kf4 45. Nxc4 Rb5 46. a4 Rb8 47. b4 a6 48. Na5 Re8 49. Kd4 Rf8 50. Nc6 Re8 51. Kd3 Rh8 52. Nd4 Rb8 53. Ne2+ Kg5 54. Kc3 Kf6 55. f4 Rg8 56. Bf3 Re8 57. Nd4 Re1 58. Be2 Rc1+ 59. Kb3 Rb1+ 60. Kc3 Rc1+ 61. Kd2 Rg1 62. Ke3 Rg3+ 63. Kf2 Ra3 64. a5 Ra2 65. Ke3 Ra3+ 66. Ke4 Rg3 67. b5 axb5 68. Nxb5 Rb3 69. Nxc7 Rb4+ 70. Ke3 Rb3+ 71. Bd3 Ra3 72. a6 Ra4 73. Ne6 1-0

[Event "HUN-chT2 Maroczy 1213"]
[White "Rat, Dan Ovidiu"]
[Black "Nemeth, Zoltan"]
[Site "Hungary"]
[Round "10"]
[Result "1-0"]
[Date "2013.04.07"]
[WhiteElo "2288"]
[BlackElo "2333"]
[PlyCount "93"]
[EventDate "2012.09.16"]
[EventType "team-tourn"]
[EventRounds "11"]
[EventCountry "HUN"]
[SourceTitle "EXT 2014"]
[Source "ChessBase"]
[SourceDate "2013.11.20"]
[SourceVersion "1"]
[SourceVersionDate "2013.11.20"]
[SourceQuality "1"]
[WhiteTeam "Kisujszallas"]
[BlackTeam "Sarkany"]
[WhiteTeamCountry "HUN"]
[BlackTeamCountry "HUN"]

1. d4 d5 2. c4 c6 3. cxd5 cxd5 4. Nf3 Nc6 5. Nc3 Nf6 6. Bf4 a6 7. Rc1 Qa5 8. Qb3 e6 9. e3 Ne4 10. a3 Bd6 11. Bxd6 Nxd6 12. Bd3 b5 13. 0-0 Bd7 14. e4 dxe4 15. Nxe4 Nxe4 16. Bxe4 Rc8 17. d5 Ne7 18. Ne5 Qd8 19. Nxd7 Qxd7 20. dxe6 Qxe6 21. Qxe6 fxe6 22. Rxc8+ Nxc8 23. Rc1 Nd6 24. Rc7 0-0 25. Bd3 Rd8 26. Kf1 Ne8 27. Rc3 g6 28. Ke2 Kf7 29. Rc6 Rd6 30. Rxd6 Nxd6 31. a4 e5 32. axb5 axb5 33. Kd2 Ke6 34. Kc3 Kd5 35. Kb4 Kc6 36. Ka5 Kc5 37. b4+ Kc6 38. f3 Kd5 39. Bxb5 e4 40. fxe4+ Kxe4 41. Bc6+ Ke3 42. b5 h5 43. b6 g5 44. Kb4 Kd4 45. h3 g4 46. hxg4 hxg4 47. b7 1-0

[Event "HUN-chT2 Maroczy 1213"]
[White "Rat, Dan Ovidiu"]
[Black "Gelle, Istvan"]
[Site "Hungary"]
[Round "7"]
[Result "1/2-1/2"]
[Date "2013.02.17"]
[WhiteElo "2288"]
[BlackElo "2335"]
[PlyCount "37"]
[EventDate "2012.09.16"]
[EventType "team-tourn"]
[EventRounds "11"]
[EventCountry "HUN"]
[SourceTitle "EXT 2014"]
[Source "ChessBase"]
[SourceDate "2013.11.20"]
[SourceVersion "1"]
[SourceVersionDate "2013.11.20"]
[SourceQuality "1"]
[WhiteTeam "Kisujszallas"]
[BlackTeam "Hobagoly"]
[WhiteTeamCountry "HUN"]
[BlackTeamCountry "HUN"]

1. d4 d5 2. c4 c6 3. cxd5 cxd5 4. Nf3 Nc6 5. Nc3 Nf6 6. Bf4 Bf5 7. Rc1 e6 8. Qb3 a6 9. e3 Bd6 10. Bxd6 Qxd6 11. Be2 Rb8 12. 0-0 h6 13. Na4 Nd7 14. Nc5 Nxc5 15. Rxc5 0-0 16. Qb6 Rfd8 17. Kh1 f6 18. b3 Ne7 19. Qxd6 1/2-1/2

[Event "HUN-chT2 Maroczy 1112"]
[White "Papp, Abel"]
[Black "Rat, Dan Ovidiu"]
[Site "Hungary"]
[Round "5"]
[Result "1/2-1/2"]
[Date "2012.01.29"]
[WhiteElo "2192"]
[BlackElo "2283"]
[PlyCount "43"]
[EventDate "2011.09.25"]
[EventType "team-tourn"]
[EventRounds "11"]
[EventCountry "HUN"]
[SourceTitle "EXT 2013"]
[Source "ChessBase"]
[SourceDate "2012.11.22"]
[SourceVersion "1"]
[SourceVersionDate "2012.11.22"]
[SourceQuality "1"]
[WhiteTeam "Miskolc EMSE"]
[BlackTeam "Kisujszallas"]
[WhiteTeamCountry "HUN"]
[BlackTeamCountry "HUN"]

1. e4 d6 2. d4 Nf6 3. Nc3 e5 4. dxe5 dxe5 5. Qxd8+ Kxd8 6. Bc4 Be6 7. Bxe6 fxe6 8. f3 Bd6 9. Be3 Ke7 10. 0-0-0 Nbd7 11. Nge2 Rhb8 12. a4 a6 13. b3 c5 14. Kb2 Rc8 15. a5 Rc6 16. Na4 Rac8 17. c4 Bc7 18. Bd2 Rd6 19. Bc3 Rxd1 20. Rxd1 Bd6 21. Nc1 Nb8 22. Nd3 1/2-1/2

[Event "HUN-chT2 Maroczy 1112"]
[White "Rat, Dan Ovidiu"]
[Black "Gelle, Istvan"]
[Site "Hungary"]
[Round "2"]
[Result "0-1"]
[Date "2011.10.30"]
[WhiteElo "2283"]
[BlackElo "2354"]
[PlyCount "112"]
[EventDate "2011.09.25"]
[EventType "team-tourn"]
[EventRounds "11"]
[EventCountry "HUN"]
[SourceTitle "EXT 2013"]
[Source "ChessBase"]
[SourceDate "2012.11.22"]
[SourceVersion "1"]
[SourceVersionDate "2012.11.22"]
[SourceQuality "1"]
[WhiteTeam "Kisujszallas"]
[BlackTeam "Lila Futo"]
[WhiteTeamCountry "HUN"]
[BlackTeamCountry "HUN"]

1. c4 c6 2. Nf3 d5 3. b3 Bf5 4. g3 e6 5. Bb2 Nd7 6. Bg2 Ngf6 7. 0-0 h6 8. d4 Be7 9. Nbd2 0-0 10. Ne5 a5 11. Nxd7 Qxd7 12. Nf3 Bd6 13. Rc1 Qe7 14. c5 Bc7 15. Re1 Rfd8 16. Ne5 Ne8 17. Nd3 Qg5 18. Rc3 Qg6 19. Rc1 Qh5 20. f3 Bh3 21. e3 Bxg2 22. Kxg2 f5 23. Rg1 Nf6 24. Nf2 g5 25. f4 Qxd1 26. Rcxd1 gxf4 27. gxf4 a4 28. b4 Kf7 29. Bc3 Rg8+ 30. Kf3 Ke7 31. Rb1 Kd7 32. Bd2 Rae8 33. Rg3 Ne4 34. Nxe4 dxe4+ 35. Kg2 Bd8 36. a3 h5 37. Rb2 h4 38. Rxg8 Rxg8+ 39. Kf1 h3 40. Be1 Rg4 41. Bg3 Bh4 42. Kf2 Rg8 43. Rb1 Bd8 44. Kf1 Kc8 45. b5 Ba5 46. b6 Kd7 47. Kf2 Ke8 48. Rc1 Kf7 49. Rc4 Be1+ 50. Kxe1 Rxg3 51. Kf2 Rg2+ 52. Kf1 Rxh2 53. Rxa4 Rh1+ 54. Kf2 Re1 55. Kg3 Rxe3+ 56. Kh2 Rb3 0-1

[Event "HUN-chT2 Maroczy 1011"]
[White "Mozes, Ervin"]
[Black "Rat, Dan Ovidiu"]
[Site "Hungary"]
[Round "10"]
[Result "1/2-1/2"]
[Date "2011.05.01"]
[WhiteElo "2243"]
[BlackElo "2287"]
[PlyCount "58"]
[EventDate "2010.09.12"]
[EventType "team-tourn"]
[EventRounds "11"]
[EventCountry "HUN"]
[SourceTitle "EXT 2012"]
[Source "ChessBase"]
[SourceDate "2011.11.24"]
[SourceVersion "1"]
[SourceVersionDate "2011.11.24"]
[SourceQuality "1"]
[WhiteTeam "Miskolc EMSE"]
[BlackTeam "Kisujszallas"]
[WhiteTeamCountry "HUN"]
[BlackTeamCountry "HUN"]

1. e4 d6 2. d4 Nf6 3. Nc3 e5 4. dxe5 dxe5 5. Qxd8+ Kxd8 6. Bc4 Be6 7. Bxe6 fxe6 8. Be3 Bd6 9. Nge2 Ke7 10. f3 Nbd7 11. 0-0-0 Rhb8 12. h3 b5 13. Rd2 Bc5 14. Bxc5+ Nxc5 15. Nd1 Rd8 16. Rxd8 Rxd8 17. Ne3 a6 18. Rd1 Rd6 19. Ng4 Ncd7 20. Rd3 Rxd3 21. cxd3 Nxg4 22. hxg4 c5 23. Kd2 Nb8 24. Ke3 Nc6 25. Nc3 Nd4 26. Ne2 Nc6 27. Nc3 Nd4 28. Ne2 Nc6 29. Nc3 Nd4 1/2-1/2

[Event "HUN-chT2 Maroczy 1011"]
[White "Horvath, Andras"]
[Black "Rat, Dan Ovidiu"]
[Site "Hungary"]
[Round "7"]
[Result "1/2-1/2"]
[Date "2011.03.27"]
[WhiteElo "2287"]
[BlackElo "2287"]
[PlyCount "54"]
[EventDate "2010.09.12"]
[EventType "team-tourn"]
[EventRounds "11"]
[EventCountry "HUN"]
[SourceTitle "EXT 2012"]
[Source "ChessBase"]
[SourceDate "2011.11.24"]
[SourceVersion "1"]
[SourceVersionDate "2011.11.24"]
[SourceQuality "1"]
[WhiteTeam "MLTC II"]
[BlackTeam "Kisujszallas"]
[WhiteTeamCountry "HUN"]
[BlackTeamCountry "HUN"]

1. e4 d6 2. d4 Nf6 3. Nc3 e5 4. Nf3 Nbd7 5. Bc4 Be7 6. 0-0 0-0 7. Re1 c6 8. a4 a5 9. b3 Nb6 10. Bd3 Bg4 11. dxe5 dxe5 12. h3 Bxf3 13. Qxf3 Qc7 14. Bb2 Nfd7 15. Ne2 Nc5 16. Ng3 Rfe8 17. Rad1 Rad8 18. Nf5 Bf8 19. Bc3 Nxd3 20. Rxd3 Rxd3 21. Qxd3 Nd7 22. Rd1 Nc5 23. Qc4 Ne6 24. Ne3 Bc5 25. Nf5 Bf8 26. Ne3 Bc5 27. Nf5 Bf8 1/2-1/2

[Event "HUN-chT2 Maroczy 1011"]
[White "Rat, Dan Ovidiu"]
[Black "Horvath, Zsolt"]
[Site "Hungary"]
[Round "3"]
[Result "1/2-1/2"]
[Date "2010.10.10"]
[WhiteElo "2287"]
[BlackElo "2404"]
[PlyCount "47"]
[EventDate "2010.09.12"]
[EventType "team-tourn"]
[EventRounds "11"]
[EventCountry "HUN"]
[SourceTitle "EXT 2012"]
[Source "ChessBase"]
[SourceDate "2011.11.24"]
[SourceVersion "1"]
[SourceVersionDate "2011.11.24"]
[SourceQuality "1"]
[WhiteTeam "Kisujszallas"]
[BlackTeam "Oroshaza"]
[WhiteTeamCountry "HUN"]
[BlackTeamCountry "HUN"]

1. c4 c5 2. g3 g6 3. Bg2 Bg7 4. Nc3 Nf6 5. a3 Nc6 6. e3 d6 7. d3 Bd7 8. Rb1 a6 9. b4 cxb4 10. axb4 b5 11. cxb5 axb5 12. Nge2 Rb8 13. 0-0 0-0 14. h3 Qc8 15. Kh2 h5 16. Bd2 Ne5 17. Be1 h4 18. gxh4 Bxh3 19. Bxh3 Nf3+ 20. Kg2 Nxh4+ 21. Kh2 Nf3+ 22. Kg2 Nh4+ 23. Kh2 Nf3+ 24. Kg2 1/2-1/2

[Event "HUN-chT2 Maroczy 1011"]
[White "Rat, Dan Ovidiu"]
[Black "Csizmadia, Laszlo"]
[Site "Hungary"]
[Round "2"]
[Result "1/2-1/2"]
[Date "2010.09.26"]
[WhiteElo "2287"]
[BlackElo "2397"]
[PlyCount "61"]
[EventDate "2010.09.12"]
[EventType "team-tourn"]
[EventRounds "11"]
[EventCountry "HUN"]
[SourceTitle "EXT 2012"]
[Source "ChessBase"]
[SourceDate "2011.11.24"]
[SourceVersion "1"]
[SourceVersionDate "2011.11.24"]
[SourceQuality "1"]
[WhiteTeam "Kisujszallas"]
[BlackTeam "Maroczy"]
[WhiteTeamCountry "HUN"]
[BlackTeamCountry "HUN"]

1. d4 d5 2. c4 e6 3. Nc3 c6 4. cxd5 exd5 5. Bf4 Bd6 6. Bg3 Nf6 7. e3 Bf5 8. Bd3 Bxd3 9. Qxd3 0-0 10. Nge2 Na6 11. 0-0 Re8 12. Rad1 Nb4 13. Qb1 a5 14. a3 Na6 15. Qd3 Nh5 16. Bxd6 Qxd6 17. f3 Nc7 18. g4 Nf6 19. Ng3 Ne6 20. Rc1 g6 21. Na4 Re7 22. Rfe1 Rae8 23. Re2 Kh8 24. Nc3 Nd7 25. Nb1 Nb6 26. Nd2 Ng5 27. Kg2 Qf6 28. Rf1 Ne6 29. f4 c5 30. f5 c4 31. Qc3 1/2-1/2

[Event "HUN-chT2 Maroczy 1011"]
[White "Papp, Gellert"]
[Black "Rat, Dan Ovidiu"]
[Site "Hungary"]
[Round "1"]
[Result "1/2-1/2"]
[Date "2010.09.12"]
[WhiteElo "2393"]
[BlackElo "2287"]
[PlyCount "62"]
[EventDate "2010.09.12"]
[EventType "team-tourn"]
[EventRounds "11"]
[EventCountry "HUN"]
[SourceTitle "EXT 2012"]
[Source "ChessBase"]
[SourceDate "2011.11.24"]
[SourceVersion "1"]
[SourceVersionDate "2011.11.24"]
[SourceQuality "1"]
[WhiteTeam "Lila Futo"]
[BlackTeam "Kisujszallas"]
[WhiteTeamCountry "HUN"]
[BlackTeamCountry "HUN"]

1. e4 d6 2. d4 Nf6 3. Nc3 e5 4. Nf3 Nbd7 5. Bc4 Be7 6. 0-0 0-0 7. Re1 c6 8. a4 a5 9. b3 Nb6 10. Bd3 Bg4 11. h3 Bxf3 12. Qxf3 exd4 13. Ne2 Nfd7 14. Qg3 Ne5 15. Nxd4 Bh4 16. Qe3 Bf6 17. Rb1 d5 18. Bb2 Re8 19. Bf1 Ng6 20. Qf3 dxe4 21. Rxe4 Rxe4 22. Qxe4 Qd5 23. Qxd5 Nxd5 24. c4 Nb4 25. Nf3 Bxb2 26. Rxb2 Rd8 27. Rd2 Rxd2 28. Nxd2 Ne5 29. f4 Nd7 30. Kf2 Kf8 31. Ke3 Nc5 1/2-1/2

[Event "HUN-chT2 Toth 0910"]
[White "Andor, Laszlo"]
[Black "Rat, Dan Ovidiu"]
[Site "Hungary"]
[Round "4.2"]
[Result "1/2-1/2"]
[Date "2009.12.20"]
[WhiteElo "2047"]
[BlackElo "2315"]
[PlyCount "82"]
[EventDate "2009.11.08"]
[EventType "team-tourn"]
[EventRounds "11"]
[EventCountry "HUN"]
[SourceTitle "EXT 2011"]
[Source "ChessBase"]
[SourceDate "2010.11.26"]
[SourceVersion "1"]
[SourceVersionDate "2010.11.26"]
[SourceQuality "1"]
[WhiteTeam "Bekes"]
[BlackTeam "Kisujszallas"]
[WhiteTeamCountry "HUN"]
[BlackTeamCountry "HUN"]

1. d4 c5 2. dxc5 Qa5+ 3. Nc3 Qxc5 4. e4 e6 5. Nf3 a6 6. Bd3 d6 7. 0-0 Nf6 8. h3 Nbd7 9. Re1 Be7 10. a3 b5 11. Bf4 Ne5 12. Qe2 0-0 13. Be3 Qc7 14. Rad1 Bb7 15. Nd4 Rac8 16. Kh1 Nc4 17. Bc1 Nxa3 18. f4 Nc4 19. b3 Nb6 20. Bb2 b4 21. Nb1 d5 22. e5 Ne4 23. Kh2 Nd7 24. Nd2 Ndc5 25. Nxe4 Nxe4 26. Bxa6 Bh4 27. Bxb7 Qxb7 28. Qg4 Bg3+ 29. Kg1 Bf2+ 30. Kh2 Bg3+ 31. Kg1 Bf2+ 32. Kh2 Bxd4 33. Bxd4 Rxc2 34. f5 exf5 35. Qxf5 Qc8 36. Qf4 Qe6 37. Qf3 Rfc8 38. Qf4 Qg6 39. Qf3 Nd2 40. Qxd5 Nxb3 41. Bc5 h6 1/2-1/2

[Event "HUN-chT2 Toth 0910"]
[White "Rat, Dan Ovidiu"]
[Black "Csala, Imre"]
[Site "Hungary"]
[Round "2.1"]
[Result "1-0"]
[Date "2009.11.22"]
[WhiteElo "2315"]
[BlackElo "2203"]
[PlyCount "87"]
[EventDate "2009.11.08"]
[EventType "team-tourn"]
[EventRounds "11"]
[EventCountry "HUN"]
[SourceTitle "EXT 2011"]
[Source "ChessBase"]
[SourceDate "2010.11.26"]
[SourceVersion "1"]
[SourceVersionDate "2010.11.26"]
[SourceQuality "1"]
[WhiteTeam "Kisujszallas"]
[BlackTeam "Takisz"]
[WhiteTeamCountry "HUN"]
[BlackTeamCountry "HUN"]

1. d4 d5 2. c4 c6 3. Nf3 Nf6 4. Nc3 g6 5. Bf4 Bg7 6. e3 0-0 7. h3 a6 8. Be2 b5 9. cxb5 cxb5 10. a4 b4 11. Na2 a5 12. Nc1 Bd7 13. Nd3 Ne4 14. 0-0 Na6 15. Qb3 Be8 16. Rfc1 e6 17. Qd1 f6 18. Nd2 e5 19. Bh2 Qe7 20. Nb3 Bh6 21. Ndc5 Naxc5 22. Nxc5 Rd8 23. Rc2 Bf7 24. Rac1 Kh8 25. Nb3 Nxf2 26. Kxf2 Bxe3+ 27. Kxe3 exd4+ 28. Kf2 Qe3+ 29. Kf1 Qxb3 30. Rd2 Qe3 31. Rd3 Qe7 32. Rxd4 Rc8 33. Bg1 Rxc1 34. Qxc1 Re8 35. Bb5 Rd8 36. Rd2 Be8 37. Qc5 Bxb5+ 38. axb5 Qe4 39. Qd4 Qb1+ 40. Rd1 Qf5+ 41. Bf2 Kg7 42. b6 Rd7 43. Qc5 h5 44. Qc6 1-0

[Event "HUN-chT2 Toth 0809"]
[White "Mihok, Laszlo"]
[Black "Rat, Dan Ovidiu"]
[Site "Hungary"]
[Round "3.2"]
[Result "0-1"]
[Date "2008.11.30"]
[WhiteElo "2138"]
[BlackElo "2304"]
[PlyCount "110"]
[EventDate "2008.10.26"]
[EventType "tourn"]
[EventRounds "11"]
[EventCountry "HUN"]
[SourceTitle "EXT 2010"]
[Source "ChessBase"]
[SourceDate "2010.11.25"]
[SourceVersion "1"]
[SourceVersionDate "2010.11.25"]
[SourceQuality "1"]
[WhiteTeam "Mako II"]
[BlackTeam "Kisujszallas"]
[WhiteTeamCountry "HUN"]
[BlackTeamCountry "HUN"]

1. d4 d6 2. Nc3 g6 3. Bf4 Bg7 4. Qd2 Nc6 5. Nf3 Bg4 6. e3 e5 7. Bg5 Nge7 8. d5 Bxf3 9. gxf3 Nb8 10. e4 0-0 11. Bh6 f5 12. h4 f4 13. Bxg7 Kxg7 14. h5 g5 15. Bh3 Rf6 16. 0-0-0 Nd7 17. Ne2 a5 18. Rdg1 h6 19. Rg4 Kh8 20. Bf1 Qb8 21. Bh3 Qa7 22. Rg2 Nc5 23. Bg4 b5 24. Kd1 Rff8 25. Ke1 b4 26. Kf1 Nxe4 27. fxe4 f3 28. Rg3 fxe2+ 29. Qxe2 Rf4 30. Rhh3 Qd4 31. c3 Qxe4 32. Re3 Qxd5 33. Bf3 Qg8 34. Bxa8 Qxa8 35. Rhf3 Nf5 36. Rd3 g4 37. Rg3 Nxg3+ 38. Rxg3 Qh1+ 39. Rg1 Qf3 40. Qxf3 gxf3 41. Rg6 bxc3 42. bxc3 Rc4 43. Rxh6+ Kg7 44. Rg6+ Kh7 45. Ke1 Rxc3 46. Kd2 Ra3 47. Re6 Rxa2+ 48. Ke3 Rc2 49. Kxf3 Rc4 50. Ke3 a4 51. Kd3 Rc5 52. f4 a3 53. Rg6 exf4 54. Rg2 Ra5 55. Ra2 Kh6 0-1